MDQL
is popping MORE tags! Check the
thread
!
Quizzes
Events
Quiz Creation
Community
Videos
Private Events
Remove Ads
Sign In
Join for FREE
Feedback
Dark Mode
Quiz Categories
Sports
Geography
Music
Movies
Television
Just For Fun
Miscellaneous
History
Literature
Language
Science
Gaming
Entertainment
Religion
Holiday
For Kids
Quiz Lab
Recent
Popular Today
Quiz Kudos Today
Editor Picks
Curator Picks
Quizzes by...
Day
Popularity
Type
Ratings
Length
Year
Community
Subscriptions
Recent Discussions
Orange Saloon
Badges
Playlists
Quests
Create
Leaderboards
Showdown
Live 5
Trivia Bingo
Activity
Puzzle Library
Sporcle Events
Private Events
Virtual Trivia
Globe League
Become a Host
Pub Owners
SporcleCon
Opinionation
Our Games
Videos
Blog
Mobile Apps
Partnerships
Remove Ads and Go Orange
Feedback
Geography
Country
Landmarks
City
State
Population
World
Capital
Continent
Flags
Europe
Africa
Asia
South America
North America
Oceania
Border
Canada
United Kingdom
Topography
United States
Geography
Country
Landmarks
City
State
Population
World
Capital
Continent
Flags
Europe
Africa
Asia
South America
North America
Oceania
Border
Canada
United Kingdom
Topography
United States
Random Quiz
Search Sporcle
×
Quiz Lab
Quiz Lab
Geography
rate
Type in answers that appear in a list
Type in answers that appear in a list
Classic
Best Score? Go Orange.
The Least of Them: Infant Mortality Stats
Can you name the The Least of Them: Infant Mortality?
By
Drahmee
3m
20 Questions
165 Plays
165 Plays
165 Plays
Comments
Comments
Give Quiz Kudos
Give Quiz Kudos
-
- Ratings
hide this ad
Replay
Link that replays current quiz
Next Quiz
Link to next quiz in quiz playlist
You Got
0%
They Got
Avg Score
70%
Avg Friend Score
Upgrade to see
Score Distribution
Jump to the score distribution portion of the page
Score
0/20
Timer
03:00
0
Plays Today
Ranking
Highest Infant Mortality
% Correct
5
Niger
85.5%
11
Chad
81.2%
16
Sudan
80.6%
19
Democratic Republic of the Congo
80.6%
13
Nigeria
80%
20
Ethiopia
80%
17
Rwanda
78.8%
6
Somalia
77.6%
8
Mali
77%
2
Sierra Leone
70.9%
Ranking
Highest Infant Mortality
% Correct
1
Angola
70.3%
4
Liberia
70.3%
7
Mozambique
70.3%
9
Zambia
67.9%
14
Malawi
67.3%
10
Guinea-Bissau
63%
15
Burkina Faso
61.2%
12
Djibouti
58.2%
18
Equatorial Guinea
48.5%
3
Afghanistan
46.7%
Quiz Playlist
Details
Report
Send in Message
Add To Playlist
Classic:
Type in answers that appear in a list
Quiz Source
Last Updated: Feb 16, 2017
Quiz Scoreboard
CHALLENGE
Sign Up to Join the Scoreboard
Show All
Scores
Hide
Comments
May contain spoilers
Recently Published
5x2 Blitz: Bands
by SL_Kpop136
Music
30s
Colored Red Africa Blitz
by spor1
Geography
30s
Find the 'City' Movie
by crazypaving
Movies
60s
More to Explore
Quiz From the Vault
Featured Blog Post
14 Easter Pick-up Lines to Find Eggs With
hide this ad
You Might Also Like...
Tags
death
highest
infant
least
Mortality
rate
Today's Top Quizzes in Geography
Browse Geography
hide this ad
Today's Top Quizzes in rate
Browse rate
Top Contributed Quizzes in Geography
1
Countries of the World - No Outlines Minefield
2
Colored Red Europe Blitz I
3
Colored Red Africa Blitz II
4
Colored Red Europe Blitz II
5
Colored Red Africa Blitz III
6
Colored Red Europe Blitz III
7
African Flag Reveal XLVI
8
Colored Red States Blitz I
9
Colored Red States Blitz II
10
Colored Red States Blitz III
Explore More
Trending Topics
Marvel
Kpop
Crossword
NBA
Disney
Anime
Harry Potter
Pokémon
The Office
Song
Country
NFL
Puzzle
Soccer
WWE
hide this ad
More By:
Drahmee
Quiz
Plays
Rating
Category
Featured
Created
The Least of Them: Life Expectancy
714
4.31
Geography
Nov 30, 2009
The Least of Them: HIV/AIDS Infection
269
3.80
Geography
Dec 1, 2009
The Least of Them: Economic Inflation
182
5.00
Geography
Dec 1, 2009
The Least of Them: Infant Mortality
165
4.00
Geography
Nov 28, 2009
The Least of Them: Fertility Rate
129
5.00
Geography
Dec 1, 2009
Go to Creator's Profile
Score Distribution
Quiz Creator Spotlight
Drahmee
Follow
Send a Message
Quizzes Created
-
Created Quiz Play Count
-
More By This Creator
Popular Quizzes Today
1
Colored Red Africa Blitz
2
Find the 'City' Movie
3
Find the US States - No Outlines Minefield
4
5x2 Blitz: Bands
5
The Countries of the World
6
Find the US States
7
US States
8
9x9 Crossword: Cartoon Network
More Geography Quizzes
6-Letter Countries by 4 Letters
Published
Trending Quizzes
Colored Red Europe Blitz I
Colored Red Europe Blitz II
Colored Red Africa Blitz II
Colored Red Europe Blitz III
Colored Red Africa Blitz III
Recently Updated
How Do You Spell That?
pecheneg
Godzilla Movies
pecheneg
Grab Bag: 4-10 Letters
pecheneg
2024 March Madness Bracket
pecheneg
Famous TV Couples
Peacemaker
Champions League XIs: Real Madrid
pecheneg
Largest US Cities 1790-2010
pecheneg
Rides in Walt Disney World
pecheneg
Most Oscar Losses (Acting)
pecheneg
Beyoncé Albums
pecheneg
Trending Topics
Anime
NBA
Harry Potter
Kpop
Marvel
Disney
Crossword
WWE
Country
Song
NFL
Pokémon
Soccer
The Office
Puzzle
Your Account Isn't Verified!
In order to create a playlist on Sporcle, you need to verify the email address you used during registration. Go to your
Sporcle Settings
to finish the process.
Report this User
Report this user for behavior that violates our
Community Guidelines
.
Details:
Send Report
Go to the Sporcle.com Mobile Site →
Comments